000 00563ntaaa2200181 4500
003 01
005 20251027202448.0
008 0714s1973 ag 01
040 _aAR-BaBN
_bspa
_cAR-BaBN
_eaacr
_dRIC
082 _a266.0973 El5
100 _aEllis, Martha Thomas
_920340
245 _aAmericans, too
250 _a1 ed.
260 _aAtlanta :
_bHome Mission Board, SBC,
_cc1953
300 _a78 p.
500 _aestudio de la obra bautista con las personas de habla espaƱol en los EEUU - la autora era misionera bautista en la Argentina, 1937-1942
942 _cBK
999 _c19634
_d19634